| 000 | 00468pab a2200169 454500 | ||
|---|---|---|---|
| 008 | 180718b1991 xxu||||| |||| 00| 0 eng d | ||
| 100 | _aSingh, V.B. | ||
| 245 | _aMultiplicity of candidates in elections: A case for upward revision in security deposits | ||
| 260 | _c1991 | ||
| 300 | _ap.448-455. | ||
| 362 | _aJul-Sep | ||
| 650 | _aElections - India | ||
| 650 | _aElections | ||
| 773 | _aIndian Journal of Public Administration | ||
| 908 | _aN | ||
| 909 | _a89026 | ||
| 999 |
_c89026 _d89026 |
||